Receitas caseiras / (Record no. 1003)

MARC details
000 -LÍDER
campo de controle de tamanho fixo 00949nam a22002177a 4500
003 - IDENTIFICADOR DO NÚMERO DE CONTROLE
campo de controle OSt
005 - DATA E HORÁRIO DA ÚLTIMA TRANSAÇÃO
campo de controle 20251118154224.0
008 - CAMPO DE DADOS FIXOS--INFORMAÇÃO GERAL
campo de controle de tamanho fixo 251118b |||||||| |||| 00| 0 eng d
040 ## - FONTE DA CATALOGAÇÃO
Instituição que transcreveu o registro Nolita
041 ## - CÓDIGO DE IDIOMA
Código do idioma do texto/trilha sonora ou título diferente Português
245 ## - TÍTULO
Título Receitas caseiras /
Indicação de responsabilidade, etc. introdução, Leonardo Boff
260 ## - PUBLICAÇÃO, DISTRIBUIÇÃO, ETC.
Local de publicação, distribuição, etc. São João de Meriti (RJ) :
Nome do editor, distribuidor, etc. Casa da Criança, Lar São José,
Data da publicação, distribuição, etc. 1984
300 ## - DESCRIÇÃO FÍSICA
Extensão 261 p. ;
Dimensões 22 cm
500 ## - NOTA GERAL
Nota geral Obra ligeiramente danificada.
520 ## - NOTA DE RESUMO, ETC.
Resumo, etc. Receitas culinárias reunidas pelo Lar São José, apresentando preparos simples e tradicionais destinados ao uso doméstico. A obra privilegia pratos acessíveis e de baixo custo, refletindo o repertório caseiro brasileiro. A introdução de Leonardo Boff contextualiza o projeto em perspectiva comunitária e solidária.
650 #0 - ASSUNTO--TERMO TÓPICO
Cabeçalho tópico ou nome geográfico Gastronomia
9 (RLIN) 7
650 #0 - ASSUNTO--TERMO TÓPICO
Cabeçalho tópico ou nome geográfico Culinária brasileira
9 (RLIN) 14
650 #0 - ASSUNTO--TERMO TÓPICO
Cabeçalho tópico ou nome geográfico Receitas
9 (RLIN) 12
700 ## - ENTRADA ADICIONADA - NOME PESSOAL
Nome pessoal Boff, Leonardo
9 (RLIN) 1648
Função do autor por extenso Introdução
942 ## - ELEMENTOS DE ENTRADA ADICIONADOS (KOHA)
Fonte de classificação ou esquema de arquivamento Classificação decimal de Dewey
Tipo de material Koha Livros
Ocultar no OPAC Não
Holdings
Situação do descarte Situação das perdas Fonte de classificação ou esquema de arquivamento Status danificado Não pode ser emprestado Coleção Biblioteca de origem Biblioteca atual Data de aquisição Total de empréstimos Número de chamada completo Código de barras Data de último acesso Data do preço efetivo Tipo de material Koha
    Classificação decimal de Dewey     Não ficção Nolita Roastery Nolita Roastery 11/18/2025   L1080 L1080 11/18/2025 11/18/2025 Livros